Normal view
MARC view
Entry Topical Term
001 - CONTROL NUMBER
- control field: 15724
003 - CONTROL NUMBER IDENTIFIER
- control field: OSt
005 - DATE AND TIME OF LATEST TRANSACTION
- control field: 20260425153939.0
008 - FIXED-LENGTH DATA ELEMENTS
- fixed length control field: 260425|| aca||aabn | a|a d
040 ## - CATALOGING SOURCE
- Original cataloging agency: OSt
- Transcribing agency: OSt
150 ## - HEADING--TOPICAL TERM
- Topical term or geographic name entry element: Art
- General subdivision: Private collections
670 ## - SOURCE DATA FOUND
- Source citation: Work cat.: (OSt)5821: Guggenheim, Peggy, 1898-1979. 15723, Art of this century;, [1942]
